Select the African Country - Statistics

General Stats
  • This quiz has been taken 244 times
  • The average score is 30 of 54
Answers on the Map
Answers color-coded by a green-red scale on the quiz's map according to % correct below.
 
Answer Stats
Answer % Correct
South Africa
83%
Egypt
81%
Algeria
80%
Morocco
72%
Madagascar
70%
Ethiopia
69%
Nigeria
69%
Sudan
67%
Somalia
65%
DR Congo
64%
Niger
64%
Angola
63%
Chad
63%
South Sudan
63%
Tunisia
63%
Libya
62%
Eritrea
61%
Mozambique
60%
Kenya
59%
Namibia
59%
Sao Tome and Principe
59%
Tanzania
59%
Eswatini
57%
Zimbabwe
57%
Djibouti
56%
Lesotho
56%
Mali
56%
Cameroon
55%
Cape Verde
54%
Togo
54%
Central African Republic
53%
Botswana
52%
Burkina Faso
52%
Comoros
52%
Mauritania
52%
Rwanda
52%
Seychelles
52%
Burundi
50%
Equatorial Guinea
50%
Ghana
50%
Ivory Coast
49%
Malawi
49%
Mauritius
49%
Senegal
49%
Uganda
49%
Gambia
48%
Republic of the Congo
47%
Zambia
47%
Sierra Leone
45%
Benin
43%
Liberia
42%
Gabon
41%
Guinea
39%
Guinea-Bissau
37%
No matching quizzes found
Score Distribution
Percent of People with Each Score
Percentile by Number Answered
Your Score History
You have not taken this quiz